Pays les plus proches de l'Ethiopie - une minute sprint - Statistiques

Statistiques générales
  • Ce quiz a été pris 97 fois
  • Le résultat moyen est 14 sur 20
Statistiques - réponses
km pays % Correct
0 Érythrée
98%
0 Djibouti
97%
0 Somalie
95%
0 Soudan
95%
799 Egypte
94%
0 Kenya
94%
0 Soudan du Sud
92%
649 Tanzanie
80%
109 Yémen
72%
195 Ouganda
70%
326 Arabie Saoudite
69%
1165 Tchad
67%
1236 Oman
66%
871 Rwanda
64%
1383 Libye
63%
978 Burundi
61%
521 Rép dém du Congo
59%
681 République Centrafricaine
56%
1547 Malawi
33%
1484 Seychelles
20%
Aucun quiz correspondant
Distribution des résultats
% des personnes avec chaque résultat
Percentile par nombre de réponses
Votre historique - résultats
Vous n’avez pas pris ce quiz